000 00732nam a22001937a 4500
003 NUST - PNEC
005 20170116180803.0
008 150420b xxu||||| |||| 00| 0 eng d
020 _a-
040 _cLIBRARY
082 _a954.9105 AHM
100 _92767
_aAhmed Manzooruddin
245 _aContemporary Pakistan : politics, economy, and society
_cManzooruddin Ahmed
260 _aKarachi :
_bRoyal Book Company
_cc1982.
300 _a284 p. :
650 _92769
_aPolitical science
_xGeneral
856 _uhttp://www.amazon.com/Contemporary-Pakistan-Politics-economy-society/dp/B0000CQALL/ref=sr_1_2?s=books&ie=UTF8&qid=1429510655&sr=1-2&keywords=Contemporary+Pakistan+%3A+politics%2C+economy%2C+and+society
942 _2ddc
_cBK
999 _c63084
_d63084